| 000 | 00918nam a22002897a 4500 | ||
|---|---|---|---|
| 001 | 4724 | ||
| 003 | FISKH | ||
| 005 | 20240925151600.0 | ||
| 008 | 240925b cb ||||| |||| 00| 0 eng d | ||
| 020 | _a0590974092 | ||
| 040 |
_aFISKH _beng _cFISKH _dFISKH |
||
| 050 | _aPZ7.M2225 | ||
| 082 | _2813 | ||
| 100 |
_aMaclachlan, Patricia _d(1938–2022) |
||
| 245 |
_aSarah, plain and tall / _cby Patricia MacLachlan |
||
| 250 | _aFirst printing in 1996 | ||
| 260 |
_aNew York : _bScholastic, _c1996. |
||
| 300 |
_a64 pages : _c20cm |
||
| 505 | _aO | ||
| 520 | _aWhen their father invites a mail-order bride to come live with them in their prairie home, Caleb and Anna are captivated by their new mother and hope that she will stay. | ||
| 521 | 8 |
_a650L
_bLexile |
|
| 521 | 8 |
_aO
_bRaz-Plus |
|
| 650 |
_2Family _aChapter book |
||
| 650 |
_2Stepmothers _a19th century |
||
| 942 |
_2ddc _cBK _n0 |
||
| 999 |
_c4724 _d4724 |
||